书目信息 |
| 题名: |
数术探秘
|
|
| 作者: | 俞晓群 著 | |
| 分册: | ||
| 出版信息: | 北京 生活·读书·新知三联书店 1994.12 |
|
| 页数: | 270页 | |
| 开本: | 32开 | |
| 丛书名: | ||
| 单 册: | ||
| 中图分类: | B992.2 | |
| 科图分类: | ||
| 主题词: | 迷信术数 , 陀罗尼 | |
| 电子资源: | ||
| ISBN: | 7-108-00749-5 | |
| 000 | 00552nam0 2200205 45 | |
| 001 | 0012051054 | |
| 005 | 20001205105836.8 | |
| 010 | @a7-108-00749-5@d12.00。9 | |
| 100 | @a20001205d1994 km y0chiy0120 ea | |
| 101 | 0 | @achi |
| 105 | @a z 000yy | |
| 200 | 1 | @a数术探秘@AShu Shu Tan Mi@f俞晓群著@FYu Xiao Qun Zhu |
| 210 | @a北京@c生活·读书·新知三联书店@d1994.12 | |
| 215 | @a270页@d32开 | |
| 606 | 0 | @a迷信术数 |
| 606 | 0 | @a陀罗尼 |
| 690 | @aB992.2@v3 | |
| 701 | 0 | @a俞晓群@4著 |
| 801 | @aCN@bPftUser@c20001205 | |
| 905 | @b513247@dB992.2@eY694@f1 | |
| 数术探秘/俞晓群著.-北京:生活·读书·新知三联书店,1994.12 |
| 270页;32开 |
| ISBN 7-108-00749-5:12.00。9 |
| ● |
| 相关链接 |
|
|
|
正题名:数术探秘
索取号:B992.2/Y694
 
预约/预借
| 序号 | 登录号 | 条形码 | 馆藏地/架位号 | 状态 | 备注 |
| 1 | 513247 | 205132471 | 自科二线400A/ [索取号:B992.2/Y694] | 在馆 |